[Event "elllobregat Open-A 2019"]
[Site "El Prat de Llobregat"]
[Date "2019.12.08"]
[Round "6.1"]
[White "Alonso Rosell, Alvar"]
[Black "Narayanan.S.L"]
[Result "1/2-1/2"]
[WhiteElo "2548"]
[BlackElo "2626"]
[Annotator "TA"]
[PlyCount "155"]
[EventDate "2019.12.03"]
[EventType "swiss"]
[EventCountry "ESP"]
[SourceTitle "playchess.com"]
[Source "ChessBase"]
[SourceQuality "1"]

{[%evp 12,155,15,-8,18,18,9,18,37,25,30,18,10,11,8,8,4,6,25,13,24,21,15,22,50,21,43,2,27,20,29,10,31,8,33,10,27,23,50,59,166,168,154,157,162,146,159,141,130,122,126,135,127,77,69,62,64,79,58,37,35,37,39,48,44,16,105,48,45,70,74,85,80,80,93,86,86,92,89,91,79,37,113,113,113,113,113,113,113,113,113,113,113,113,113,113,113,113,113,113,113,96,113,113,113,113,113,49,113,113,113,113,113,49,49,0,113,113,113,0,0,0,0,0,0,0,0,0,0,0,0,0,0,0,0,0,0,0,0,0,0,0,0,0,0,0]} 1. d4 Nf6 2. c4 e6 3. Nc3 Bb4 4. Qc2 $146 ({Predecessor:} 4. Nf3 O-O 5. Qc2 d5 6. Bg5 h6 7. Bxf6 Qxf6 8. a3 Bxc3+ {½-½ (90) Grischuk,A (2761)-Nakamura,H (2785) Paris 2017}) 4... O-O 5. a3 Bxc3+ 6. Qxc3 d5 7. Bg5 h6 {E36: Nimzo-Indian: Classical: 4...d5 5 a3} 8. Bxf6 Qxf6 9. Nf3 dxc4 10. Qxc4 Nc6 11. Qc3 Re8 12. Rd1 e5 13. d5 Nb8 14. e3 c6 15. Be2 cxd5 16. Rxd5 Nc6 17. O-O Bf5 18. b4 Rac8 19. Qb2 Be4 20. Rd2 a6 21. Rfd1 Rc7 22. Ne1 Qg5 23. Qb3 Bf5 24. Nd3 Be4 {[%csl Ge4][%cal Rg5g2]} 25. g3 b6 (25... Qe7 $14) 26. Qc4 $18 Qf5 {Strongly threatening ...Nd4.} 27. Qxa6 Rb8 ({But not} 27... Qh3 $2 28. f3 $18) 28. Qb5 Qe6 ({Avoid the trap} 28... Qh3 $2 29. f3) 29. f3 Bg6 30. Nf2 Qb3 31. Bd3 $1 e4 32. Bxe4 Bxe4 33. Nxe4 Qxe3+ {[%mdl 64] Double Attack} 34. Kg2 Qxa3 35. Rd3 Qb2+ 36. R1d2 Qe5 37. Rd5 Qe7 38. Rd6 Ne5 (38... Rbc8 $11) 39. Rxb6 ({Better is} 39. Re2 $16) 39... Rxb6 $14 40. Qxb6 Nc4 41. Qb8+ Kh7 42. Re2 {aiming for Ng5+!} Rb7 43. Qc8 Rxb4 44. h4 $1 {Threatens to win with Ng5+!} Ne5 {[#]} 45. Qf5+ $1 g6 46. Qf6 Qe6 (46... Qc7 $1 $14) 47. Qxe6 $16 fxe6 {[%mdl 4096] Endgame KRN-KRN} 48. Nf6+ {[%mdl 64] Discovered Attack} Kg7 {[#]} 49. Nh5+ $1 {[%mdl 512]} gxh5 50. Rxe5 {[%mdl 64] Double Attack. KR-KR} Rb2+ 51. Kh3 Rf2 52. f4 ({Of course not} 52. Rxe6 $6 Rxf3 53. Kg2 Rf6 $11) 52... Kg6 53. Rxe6+ Kg7 54. Re1 Kg6 55. Rg1 Ra2 56. Rg2 Ra6 57. Re2 Rb6 58. Kg2 Ra6 59. Kf3 (59. Re5 $16) 59... Rb6 (59... Ra3+ $14 60. Re3 Ra6) 60. Re3 Ra6 61. Rd3 Rb6 62. Ke4 ({White should play} 62. Ra3 $16) 62... Re6+ $14 63. Kf3 Ra6 (63... Rb6 $1 $11 {remains equal.}) 64. Rd5 $16 Ra3+ 65. Ke4 (65. Kg2 $16) 65... Rxg3 $11 {The position is equal.} 66. Rd6+ Kg7 67. Rd7+ Kf6 68. Rd6+ Kg7 69. Ke5 Rg4 70. Rd7+ Kg8 71. f5 Rxh4 72. Kf6 Ra4 73. Rd8+ (73. Rd1 {is more complex.} h4 74. Rd8+ Kh7 75. Rd7+ Kg8 76. Rd8+) 73... Kh7 74. Ke6 Ra6+ 75. Ke7 Ra7+ 76. Ke6 Ra6+ 77. Ke7 Ra7+ 78. Ke6 {Accuracy: White = 66%, Black = 55%.} 1/2-1/2

[Event "elllobregat Open-A 2019"]
[Site "El Prat de Llobregat"]
[Date "2019.12.08"]
[Round "6.2"]
[White "Erigaisi Arjun"]
[Black "Puranik, Abhimanyu"]
[Result "1/2-1/2"]
[WhiteElo "2544"]
[BlackElo "2580"]
[Annotator "ChessBase"]
[PlyCount "105"]
[EventDate "2019.12.03"]
[EventType "swiss"]
[EventCountry "ESP"]
[SourceTitle "playchess.com"]
[Source "ChessBase"]
[SourceQuality "1"]
[TimeControl "40/5400+30:1800+30"]

1. Nf3 {[%emt 0:04:24]} Nf6 {[%emt 0:00:00]} 2. d4 {[%emt 0:00:06]} g6 {[%emt 0:00:00]} 3. c4 {[%emt 0:00:05]} Bg7 {[%emt 0:00:00]} 4. Nc3 {[%emt 0:00:06]} d5 {[%emt 0:00:00]} 5. cxd5 {[%emt 0:00:04]} Nxd5 {[%emt 0:00:01]} 6. e4 {[%emt 0:00:06]} Nxc3 {[%emt 0:00:05]} 7. bxc3 c5 {[%emt 0:00:39]} 8. Be3 {[%emt 0:00:10]} Qa5 {[%emt 0:00:57]} 9. Qd2 {[%emt 0:00:07]} O-O {[%emt 0:00:43]} 10. Rc1 {[%emt 0:03:38]} Nd7 {[%emt 0:02:22]} 11. d5 Rd8 12. c4 {[%emt 0:09:37]} Qxd2+ {[%emt 0:18:43]} 13. Kxd2 {[%emt 0:03:36]} b6 {[%emt 0:06:23]} 14. Bd3 {[%emt 0:01:37]} e6 {[%emt 0:06:49]} 15. Rhd1 {[%emt 0:15:39]} Ba6 16. a4 {[%emt 0:04:52]} Nf6 {[%emt 0:08:57]} 17. Ke2 {[%emt 0:01:48]} Re8 {[%emt 0:01:30]} 18. Kf1 {[%emt 0:00:59]} exd5 {[%emt 0:07:50]} 19. exd5 {[%emt 0:13:37]} Bc8 20. Re1 Bg4 {[%emt 0:13:42]} 21. Nd2 {[%emt 0:12:09]} Bd7 22. Bc2 {[%emt 0:00:49]} Ng4 {[%emt 0:09:46]} 23. Bf4 Bd4 {[%emt 0:12:12]} 24. Ne4 {[%emt 0:01:17]} Bf5 {[%emt 0:03:13]} 25. f3 {[%emt 0:00:00]} Bxe4 {[%emt 0:01:20]} 26. Bxe4 g5 {[%emt 0:04:12]} 27. fxg4 {[%emt 0:03:13]} gxf4 {[%emt 0:00:02]} 28. Bf5 Be5 {[%emt 0:01:48]} 29. Bd7 {[%emt 0:01:18]} Re7 {[%emt 0:00:07]} 30. Bc6 {[%emt 0:00:04]} Rd8 {[%emt 0:00:29]} 31. Rc2 {[%emt 0:00:43]} Bd6 {[%emt 0:02:51]} 32. Rxe7 {[%emt 0:01:04]} Bxe7 {[%emt 0:00:01]} 33. a5 {[%emt 0:00:23]} Bd6 {[%emt 0:01:04]} 34. axb6 axb6 35. Ra2 {[%emt 0:00:40]} Kg7 {[%emt 0:00:20]} 36. Ra7 {[%emt 0:00:28]} Kf6 {[%emt 0:00:35]} 37. Ke2 {[%emt 0:00:57]} h6 {[%emt 0:01:06]} 38. h4 {[%emt 0:01:04]} Be5 {[%emt 0:00:34]} 39. Kf3 {[%emt 0:00:36]} Bd6 40. Ke4 {[%emt 0:00:00]} Rg8 {[%emt 0:00:00]} 41. Bd7 {[%emt 0:09:32]} Rd8 {[%emt 0:08:01]} 42. Bc6 {[%emt 0:03:35]} Rc8 {[%emt 0:00:19]} 43. g5+ {[%emt 0:05:36]} hxg5 44. hxg5+ {[%emt 0:00:18]} Kxg5 {[%emt 0:11:16]} 45. Rxf7 Rc7 46. Rf5+ {[%emt 0:06:52]} Kg6 {[%emt 0:00:59]} 47. Be8+ {[%emt 0:02:20]} Kg7 {[%emt 0:00:06]} 48. Rg5+ {[%emt 0:01:24]} Kf8 {[%emt 0:01:03]} 49. Rg6 Re7+ {[%emt 0:01:15]} 50. Kf5 {[%emt 0:00:36]} Re5+ {[%emt 0:01:21]} 51. Kg4 {[%emt 0:00:08]} Ke7 {[%emt 0:00:30]} 52. Bb5 {[%emt 0:00:20]} Re3 {[%emt 0:04:02]} 53. Kf5 {[%emt 0:00:34]} 1/2-1/2

[Event "elllobregat Open-A 2019"]
[Site "El Prat de Llobregat"]
[Date "2019.12.08"]
[Round "6.3"]
[White "Zanan, Evgeny"]
[Black "Raja Rithvik R"]
[Result "1/2-1/2"]
[WhiteElo "2493"]
[BlackElo "2381"]
[Annotator "ChessBase"]
[PlyCount "91"]
[EventDate "2019.12.03"]
[EventType "swiss"]
[EventCountry "ESP"]
[SourceTitle "playchess.com"]
[Source "ChessBase"]
[SourceQuality "1"]
[TimeControl "40/5400+30:1800+30"]

1. e4 c5 2. Nf3 d6 3. d4 cxd4 4. Nxd4 Nf6 5. Nc3 a6 6. Bd3 e5 7. Nde2 Be7 8. O-O O-O 9. Ng3 Be6 10. Nd5 Nbd7 11. c4 Rc8 12. h3 Nc5 13. Bc2 b5 14. cxb5 axb5 15. f4 Ncd7 16. Nxe7+ Qxe7 17. Rf2 exf4 18. Bxf4 Rc6 19. Qd4 Ne5 20. Bg5 Qc7 21. Bxf6 Rxc2 22. Rxc2 Qxc2 23. Bxe5 dxe5 24. Qxe5 Qc6 25. a3 Rd8 26. Rf1 f6 27. Qf4 Qc2 28. Rf2 Qc5 29. Kh2 Rd1 30. Rf1 Qd6 31. Qxd6 Rxd6 32. Rf2 Rd3 33. Rc2 Rb3 34. Ne2 Bc4 35. Nc3 Kf7 36. a4 bxa4 37. Nxa4 Rb4 38. Nc5 Ke7 39. Rd2 Bb5 40. b3 Bc6 41. Rd3 Rb5 42. Rc3 Kd6 43. Ne6 Bxe4 44. Nxg7 Bg6 45. Rf3 Ke5 46. g4 1/2-1/2

[Event "elllobregat Open-A 2019"]
[Site "El Prat de Llobregat"]
[Date "2019.12.08"]
[Round "6.4"]
[White "Raja Harshit"]
[Black "Gagare, Shardul"]
[Result "1/2-1/2"]
[WhiteElo "2447"]
[BlackElo "2468"]
[Annotator "ChessBase"]
[PlyCount "78"]
[EventDate "2019.12.03"]
[EventType "swiss"]
[EventCountry "ESP"]
[SourceTitle "playchess.com"]
[Source "ChessBase"]
[SourceQuality "1"]
[TimeControl "40/5400+30:1800+30"]

1. e4 {[%emt 0:00:00]} e6 {[%emt 0:03:45]} 2. d4 {[%emt 0:00:00]} d5 {[%emt 0:00:05]} 3. Nd2 {[%emt 0:00:04]} c5 {[%emt 0:00:06]} 4. exd5 {[%emt 0:00:22]} Qxd5 {[%emt 0:00:06]} 5. Ngf3 {[%emt 0:00:09]} cxd4 {[%emt 0:00:07]} 6. Bc4 {[%emt 0:00:10]} Qd7 {[%emt 0:00:27]} 7. O-O {[%emt 0:01:39]} Nc6 {[%emt 0:00:06]} 8. Nb3 {[%emt 0:05:32]} a6 {[%emt 0:00:13]} 9. Nbxd4 {[%emt 0:01:53]} Nxd4 {[%emt 0:00:09]} 10. Nxd4 {[%emt 0:00:04]} Qc7 {[%emt 0:00:07]} 11. Bd3 {[%emt 0:05:55]} Bd6 {[%emt 0:00:41]} 12. h3 Ne7 {[%emt 0:10:23]} 13. Re1 {[%emt 0:08:04]} O-O {[%emt 0:02:39]} 14. Qh5 {[%emt 0:03:20]} Ng6 {[%emt 0:10:39]} 15. Nf3 {[%emt 0:02:03]} Qc5 {[%emt 0:13:57]} 16. Qg4 f5 {[%emt 0:18:31]} 17. Qc4 {[%emt 0:20:48]} b5 {[%emt 0:04:15]} 18. Qxc5 {[%emt 0:05:41]} Bxc5 {[%emt 0:00:37]} 19. Be3 {[%emt 0:23:34]} Bxe3 {[%emt 0:07:58]} 20. Rxe3 {[%emt 0:00:08]} Nf4 {[%emt 0:01:48]} 21. Bf1 {[%emt 0:00:43]} Bb7 {[%emt 0:09:02]} 22. c4 {[%emt 0:00:46]} bxc4 {[%emt 0:04:27]} 23. Bxc4 {[%emt 0:00:05]} Rf6 {[%emt 0:00:06]} 24. Kh2 {[%emt 0:07:34]} Bd5 {[%emt 0:06:36]} 25. Bxd5 Nxd5 {[%emt 0:00:17]} 26. Re2 {[%emt 0:03:15]} Rc8 {[%emt 0:00:38]} 27. Rae1 {[%emt 0:01:23]} h6 {[%emt 0:01:20]} 28. Rxe6 {[%emt 0:02:11]} Rxe6 {[%emt 0:00:10]} 29. Rxe6 {[%emt 0:00:04]} Rc2 {[%emt 0:00:05]} 30. Kg1 Rxb2 {[%emt 0:01:06]} 31. Rxa6 {[%emt 0:00:31]} Rb1+ {[%emt 0:01:27]} 32. Kh2 {[%emt 0:00:02]} Rb2 {[%emt 0:00:06]} 33. Ra5 {[%emt 0:04:32]} Nc3 {[%emt 0:00:05]} 34. Rxf5 {[%emt 0:03:20]} Rxa2 35. Ne5 Ne4 {[%emt 0:01:33]} 36. Nd3 {[%emt 0:02:27]} Rd2 {[%emt 0:00:58]} 37. Rf3 {[%emt 0:00:08]} Rd1 {[%emt 0:01:02]} 38. Nb2 {[%emt 0:01:47]} Rf1 {[%emt 0:00:53]} 39. Nd3 {[%emt 0:00:38]} Nd2 {[%emt 0:00:19]} 1/2-1/2

[Event "elllobregat Open-A 2019"]
[Site "El Prat de Llobregat"]
[Date "2019.12.08"]
[Round "6.5"]
[White "Karthik Venkataraman"]
[Black "Lagarde, Maxime"]
[Result "1-0"]
[WhiteElo "2470"]
[BlackElo "2655"]
[Annotator "ChessBase"]
[PlyCount "59"]
[EventDate "2019.12.03"]
[EventType "swiss"]
[EventCountry "ESP"]
[SourceTitle "playchess.com"]
[Source "ChessBase"]
[SourceQuality "1"]
[TimeControl "40/5400+30:1800+30"]

1. e4 {[%emt 0:00:06]} c5 {[%emt 0:06:54]} 2. Nf3 {[%emt 0:00:04]} d6 {[%emt 0:00:03]} 3. d4 {[%emt 0:00:07]} cxd4 {[%emt 0:00:04]} 4. Nxd4 {[%emt 0:00:04]} Nf6 {[%emt 0:00:02]} 5. Nc3 {[%emt 0:00:06]} a6 {[%emt 0:00:03]} 6. Bc4 {[%emt 0:00:37]} Nbd7 7. Be3 Qc7 {[%emt 0:13:48]} 8. Bb3 {[%emt 0:06:12]} Nb6 {[%emt 0:03:33]} 9. Qe2 {[%emt 0:04:05]} e5 10. Nf5 {[%emt 0:16:28]} Be6 {[%emt 0:04:46]} 11. Bg5 {[%emt 0:04:29]} Nbd7 {[%emt 0:21:22]} 12. O-O-O h6 {[%emt 0:01:53]} 13. Bh4 {[%emt 0:05:38]} Rc8 {[%emt 0:04:26]} 14. Kb1 {[%emt 0:02:25]} b5 15. Ne3 {[%emt 0:05:06]} Be7 {[%emt 0:03:08]} 16. Ncd5 {[%emt 0:06:04]} Bxd5 {[%emt 0:03:10]} 17. Bxd5 {[%emt 0:02:56]} Nb6 {[%emt 0:00:46]} 18. Bxf6 {[%emt 0:01:55]} Bxf6 19. Bb3 g6 {[%emt 0:05:24]} 20. h4 {[%emt 0:03:39]} h5 {[%emt 0:00:27]} 21. Qf3 {[%emt 0:07:51]} Qe7 {[%emt 0:10:02]} 22. g4 {[%emt 0:00:57]} Rc6 23. gxh5 {[%emt 0:05:31]} Rxh5 {[%emt 0:00:34]} 24. Nf5 {[%emt 0:00:25]} Rxf5 {[%emt 0:01:20]} 25. exf5 {[%emt 0:00:05]} e4 26. Qf4 Nc4 {[%emt 0:02:09]} 27. fxg6 {[%emt 0:02:19]} Nxb2 {[%emt 0:00:33]} 28. gxf7+ Kd8 {[%emt 0:01:23]} 29. Rdg1 {[%emt 0:01:01]} Na4 30. Bxa4 {[%emt 0:02:36]} 1-0

[Event "elllobregat Open-A 2019"]
[Site "El Prat de Llobregat"]
[Date "2019.12.08"]
[Round "6.6"]
[White "Bartel, Mateusz"]
[Black "Movsziszian, Karen"]
[Result "1-0"]
[WhiteElo "2634"]
[BlackElo "2476"]
[Annotator "ChessBase"]
[PlyCount "51"]
[EventDate "2019.12.03"]
[EventType "swiss"]
[EventCountry "ESP"]
[SourceTitle "playchess.com"]
[Source "ChessBase"]
[SourceQuality "1"]
[TimeControl "40/5400+30:1800+30"]

1. e4 g6 {[%emt 0:00:00]} 2. d4 {[%emt 0:00:00]} Bg7 {[%emt 0:00:00]} 3. Nc3 {[%emt 0:00:00]} d6 4. Be3 a6 {[%emt 0:01:15]} 5. Qd2 {[%emt 0:12:21]} Nd7 {[%emt 0:01:23]} 6. h4 {[%emt 0:01:28]} h5 {[%emt 0:00:45]} 7. Nh3 Ngf6 {[%emt 0:02:40]} 8. f3 {[%emt 0:00:55]} b5 {[%emt 0:00:38]} 9. a4 {[%emt 0:10:49]} b4 {[%emt 0:00:59]} 10. Ne2 c5 11. dxc5 {[%emt 0:31:22]} Nxc5 {[%emt 0:22:52]} 12. Qxb4 {[%emt 0:00:03]} Bxh3 {[%emt 0:00:37]} 13. Rxh3 {[%emt 0:00:03]} Rb8 14. Qd2 Nfd7 {[%emt 0:15:32]} 15. Bd4 {[%emt 0:02:27]} Bxd4 {[%emt 0:00:37]} 16. Nxd4 {[%emt 0:01:25]} Qb6 {[%emt 0:15:05]} 17. b3 Nf6 {[%emt 0:01:42]} 18. a5 {[%emt 0:04:36]} Qb7 19. Bc4 e6 {[%emt 0:01:37]} 20. Rd1 {[%emt 0:02:26]} O-O 21. Qf4 Kg7 {[%emt 0:09:44]} 22. Qxd6 {[%emt 0:06:40]} Qb4+ 23. Ke2 {[%emt 0:01:54]} Rfd8 {[%emt 0:02:01]} 24. Qe5 {[%emt 0:00:17]} Na4 {[%emt 0:00:54]} 25. Nxe6+ {[%emt 0:00:48]} fxe6 {[%emt 0:00:29]} 26. Qc7+ 1-0

[Event "elllobregat Open-A 2019"]
[Site "El Prat de Llobregat"]
[Date "2019.12.08"]
[Round "6.7"]
[White "Alsina Leal, Daniel"]
[Black "Harsha Bharathakoti"]
[Result "1-0"]
[WhiteElo "2462"]
[BlackElo "2523"]
[Annotator "TA"]
[PlyCount "103"]
[EventDate "2019.12.03"]
[EventType "swiss"]
[EventCountry "ESP"]
[SourceTitle "playchess.com"]
[Source "ChessBase"]
[SourceQuality "1"]

{[%evp 9,103,0,27,24,23,16,14,19,22,15,22,16,26,17,53,33,35,0,9,0,0,-4,-6,-19,0,0,0,-12,0,0,18,35,31,0,0,0,42,23,75,12,10,9,18,10,13,0,11,6,34,2,7,5,38,28,57,31,28,29,23,22,22,25,41,18,16,15,15,10,10,8,12,12,14,15,34,1,37,24,28,35,36,37,29,38,74,77,584,584,584,584,29976,29977,29974,29975,29983,29984]} 1. e4 c5 2. Nf3 d6 3. Bb5+ Nd7 4. Be2 $146 (4. c3 Ngf6 5. Bd3 e6 6. O-O b6 7. Bc2 Bb7 8. Re1 Be7 9. d4 O-O 10. Nbd2 cxd4 11. cxd4 Rc8 12. Nf1 d5 {0-1 (20) Vachier Lagrave,M (2774)-Wei,Y (2721) chess.com INT 2019}) 4... Ngf6 5. Nc3 a6 6. a4 {B51: Sicilian: Moscow Variation (3 Bb5+) without 3...Bd7} b6 7. d4 cxd4 8. Qxd4 {The position is equal.} Bb7 9. O-O e5 10. Qe3 Qc7 11. Rd1 Nc5 {[%cal Rc5e4,Bd7c5,Bc5e6,Be6f4][%mdl 32]} 12. Nd2 Be7 13. f3 Ne6 {Threatens to win with ...d5.} 14. Nb3 Nf4 15. Bf1 d5 $1 {[%cal Rd5d4]} 16. exd5 N4xd5 17. Nxd5 Bxd5 18. Qf2 Be6 19. Be3 Nd7 (19... Nd5 {seems wilder.} 20. Rxd5 Bxd5 21. Bxb6 Qd6 22. Bc5 Qc7) 20. f4 O-O 21. f5 Bxb3 $1 22. cxb3 Bc5 23. Rac1 Qb7 (23... a5 $11) 24. Bc4 (24. Bxc5 $16 Nxc5 25. f6) 24... Bxe3 $11 25. Qxe3 Nf6 26. Qxe5 Rfe8 27. Qd6 b5 28. axb5 axb5 29. Bd5 Nxd5 30. Rxd5 Ra2 31. Re5 {[%cal Re5e8]} Qa7+ 32. Qc5 (32. Kf1 $5 {[%cal Re5e8]} Qa8 33. Rxe8+ Qxe8 34. f6 $16) 32... Qxc5+ 33. Rcxc5 {[%cal Re5e8]} Kf8 34. Rxe8+ Kxe8 35. Rxb5 {[%mdl 4096] Endgame KR-KR} Ke7 36. Kf2 Rxb2+ 37. Kf3 Kf6 38. h3 h5 39. g3 Kg5 40. h4+ Kf6 41. b4 Rb1 42. Rb7 Rf1+ 43. Ke4 Re1+ 44. Kd4 {aiming for Rc7.} Rg1 45. b5 {Hoping for b6.} Rxg3 46. b6 Rb3 47. Kc5 {Strongly threatening Rd7.} Kxf5 $2 {[%mdl 8192]} (47... Rc3+ $16 {stays breathing.} 48. Kb4 Rh3) 48. Rxf7+ $18 Kg4 49. b7 $1 g5 50. hxg5 $1 {White mates.} Kxg5 {[#]} 51. Rd7 $1 {[%cal Rd7d5]} h4 {[#]} 52. Rd5+ $1 {Accuracy: White = 63%, Black = 53%.} 1-0

[Event "elllobregat Open-A 2019"]
[Site "El Prat de Llobregat"]
[Date "2019.12.08"]
[Round "6.8"]
[White "Sosa, Tomas"]
[Black "Kobo, Ori"]
[Result "1/2-1/2"]
[WhiteElo "2520"]
[BlackElo "2457"]
[Annotator "ChessBase"]
[PlyCount "62"]
[EventDate "2019.12.03"]
[EventType "swiss"]
[EventCountry "ESP"]
[SourceTitle "playchess.com"]
[Source "ChessBase"]
[SourceQuality "1"]
[TimeControl "40/5400+30:1800+30"]

1. e4 {[%emt 0:00:00]} c5 {[%emt 0:00:00]} 2. Nf3 {[%emt 0:01:01]} e6 {[%emt 0:00:00]} 3. c3 {[%emt 0:04:46]} Nf6 {[%emt 0:00:16]} 4. e5 {[%emt 0:00:05]} Nd5 {[%emt 0:00:09]} 5. g3 {[%emt 0:00:10]} Nc6 {[%emt 0:01:33]} 6. Bg2 {[%emt 0:03:00]} d6 {[%emt 0:01:29]} 7. exd6 {[%emt 0:00:13]} Bxd6 {[%emt 0:00:09]} 8. O-O {[%emt 0:01:18]} O-O {[%emt 0:00:43]} 9. d4 {[%emt 0:00:16]} cxd4 {[%emt 0:15:27]} 10. Nxd4 {[%emt 0:00:27]} Bd7 {[%emt 0:00:28]} 11. Nxe6 {[%emt 0:15:16]} fxe6 {[%emt 0:03:12]} 12. c4 {[%emt 0:06:23]} Nf4 {[%emt 0:00:11]} 13. gxf4 {[%emt 0:00:57]} Bxf4 {[%emt 0:01:46]} 14. Nc3 {[%emt 0:04:29]} Ne5 {[%emt 0:11:40]} 15. Qh5 {[%emt 0:10:38]} Bxc1 {[%emt 0:10:45]} 16. Raxc1 {[%emt 0:00:53]} Rf5 {[%emt 0:00:12]} 17. Qe2 {[%emt 0:08:44]} Qh4 {[%emt 0:17:37]} 18. f4 {[%emt 0:04:56]} Ng4 {[%emt 0:08:24]} 19. Bxb7 {[%emt 0:09:17]} Raf8 {[%emt 0:00:20]} 20. Rcd1 {[%emt 0:00:28]} Be8 {[%emt 0:01:37]} 21. Rd2 {[%emt 0:00:43]} e5 {[%emt 0:04:45]} 22. Bc8 {[%emt 0:12:25]} Rxf4 {[%emt 0:00:10]} 23. Be6+ {[%emt 0:00:13]} Kh8 {[%emt 0:00:08]} 24. Rxf4 {[%emt 0:00:22]} Rxf4 {[%emt 0:00:04]} 25. Nd5 {[%emt 0:00:27]} Rf2 {[%emt 0:04:08]} 26. Qxf2 {[%emt 0:00:07]} Nxf2 {[%emt 0:00:04]} 27. Rxf2 {[%emt 0:00:05]} Qg5+ {[%emt 0:06:44]} 28. Kf1 {[%emt 0:01:29]} Qc1+ {[%emt 0:00:18]} 29. Kg2 {[%emt 0:00:05]} Qg5+ {[%emt 0:05:00]} 30. Kf1 {[%emt 0:00:23]} Qc1+ {[%emt 0:00:04]} 31. Kg2 {[%emt 0:00:03]} Qg5+ {[%emt 0:03:33]} 1/2-1/2

[Event "elllobregat Open-A 2019"]
[Site "El Prat de Llobregat"]
[Date "2019.12.08"]
[Round "6.9"]
[White "Dhulipalla Bala Chandra Prasad"]
[Black "Narciso Dublan, Marc"]
[Result "1/2-1/2"]
[WhiteElo "2414"]
[BlackElo "2516"]
[Annotator "TA"]
[PlyCount "226"]
[EventDate "2019.12.03"]
[EventType "swiss"]
[EventCountry "ESP"]
[SourceTitle "playchess.com"]
[Source "ChessBase"]
[SourceQuality "1"]

{[%evp 11,226,28,31,18,20,8,30,20,59,26,19,22,22,27,36,16,26,12,36,21,35,15,48,32,49,33,29,36,23,29,66,62,67,68,104,98,97,87,100,68,145,103,97,83,87,72,82,85,115,120,118,106,129,128,121,126,119,116,230,167,167,143,148,151,148,145,141,159,153,118,134,0,154,154,203,181,210,99,119,0,202,171,228,140,154,158,249,262,266,266,265,250,266,266,665,641,637,627,608,601,685,682,734,636,779,735,3109,3109,3109,2931,2389,1971,5693,0,1520,0,1791,1558,1702,793,6070,1635,1637,1496,1423,1468,1332,0,1176,1100,603,0,0,0,0,0,0,0,0,0,0,0,0,0,0,0,0,0,0,0,0,0,0,0,0,0,0,0,0,0,0,0,0,0,1124,1045,976,0,0,0,0,0,0,0,0,0,0,0,0,0,0,0,0,0,0,0,0,0,0,0,0,0,0,0,0,0,0,0,0,0,0,0,0,0,0,0,0,0,0,0,0,0,0,0,0,0,0]} 1. d4 d5 2. c4 c6 3. Nf3 Nf6 4. e3 Bf5 5. Nc3 e6 6. Nh4 Bg6 7. Be2 {D12: Slav Defence: 3 Nf3 Nf6 4 e3 Bf5} (7. Nxg6 hxg6 8. g3 Nbd7 9. Bd2 Bb4 10. Qb3 Ba5 11. cxd5 cxd5 12. Bd3 O-O 13. O-O Qb6 14. Qxb6 Nxb6 15. b3 Rac8 {0-1 (44) Rodshtein,M (2684)-Wang,H (2726) Khanty-Mansiysk 2019}) 7... Nbd7 8. g3 Bd6 9. O-O {White has an edge.} Qe7 10. Qb3 Rb8 11. Bd2 O-O 12. Nxg6 hxg6 13. Rfd1 {[#]} dxc4 $146 ({Predecessor:} 13... a6 14. Qc2 dxc4 15. Bxc4 {1-0 (66) Werle,J (2565)-Chadaev,N (2567) Groningen 2009}) 14. Bxc4 b5 15. Bf1 c5 16. dxc5 (16. Nxb5 $2 a6 $19) 16... Nxc5 17. Qc2 $1 a6 18. a3 Rfc8 19. Be1 Be5 20. Qe2 Ncd7 21. Na2 {[%cal Bc3a2,Ba2b4,Bb4d3][%mdl 32]} Nb6 22. Nb4 Na4 23. Rab1 Rb6 24. Bg2 Qe8 25. h3 Kh7 (25... Nd7 $14) 26. Nd3 Bd6 27. Ba5 Rbb8 28. Nb4 Bxb4 29. Bxb4 Nd5 30. Bxd5 exd5 31. Rxd5 Qe6 32. Rd4 Rc4 33. Rbd1 Rxd4 34. Rxd4 Qa2 (34... Rc8 $16 {was worth a try.} 35. Kg2 Rc1) 35. Rd2 Qe6 36. Kh2 Rc8 37. Qf3 Nc5 38. Rd4 f5 39. Bxc5 Rxc5 $16 {[%mdl 4096] Endgame KQR-KQR} 40. Rh4+ Kg8 41. Rd4 (41. Qd1 $16) 41... Qc6 $2 ({Black should try} 41... Kh7 $1 $11) 42. Kg2 Qxf3+ 43. Kxf3 {KR-KR} Kh7 44. Rh4+ (44. Rd6 $18) 44... Kg8 45. Rd4 (45. Rb4 $16) 45... Kh7 $1 $18 46. Ke2 a5 (46... Rc2+ $142 47. Rd2 Rc6) 47. b4 Rc2+ 48. Rd2 Rc3 {[#]} (48... Rc4 $16 {might work better.} 49. bxa5 Ra4) 49. Rd3 $1 {[%cal Rd3c3]} ({Not} 49. bxa5 Rxa3 50. Kf3 Rxa5 $16) 49... Rc4 50. bxa5 Ra4 51. Kd2 g5 52. Rd5 Kg6 $2 (52... Rxa5 53. Rxf5 Kg6) 53. Rxb5 Rxa3 54. g4 f4 55. Ke2 fxe3 56. fxe3 Ra2+ 57. Kf3 Ra4 58. Rb6+ Kh7 59. a6 g6 60. Ke2 Ra3 61. Kd2 Kh6 62. Ke2 (62. Kc2 $142 Kh7 63. Kb2) 62... Kh7 $1 63. Kf3 Ra4 $1 64. e4 Ra3+ 65. Kg2 (65. Kf2 $142 Kg7 66. e5) 65... Re3 66. Re6 (66. Rb8 $142 Ra3 67. Ra8) 66... Ra3 67. e5 Kh6 68. Kf2 Kg7 69. Kg2 Kh6 $1 70. Rb6 Kg7 71. h4 $2 (71. Kf2 $18 Kf7 72. Rf6+ Kg7 73. Ke2) 71... gxh4 $11 72. g5 Kf7 73. Kh2 Ra5 $1 74. Rf6+ Kg7 $1 75. Rc6 Kf7 76. Rf6+ Kg7 $1 77. Rb6 Kf7 78. Kh3 Rxe5 79. Rf6+ ({Much less strong is} 79. Kxh4 $6 Ra5 $16) 79... Kg7 80. Kxh4 {[#] aiming for Rd6.} Re4+ 81. Kg3 {Threatens to win with Rd6.} Ra4 82. Rb6 {Hoping for Rb7+.} Kf7 83. Kf3 {Strongly threatening Rc6.} Ra5 84. Kf4 Rf5+ $1 85. Kg4 Ra5 86. Rf6+ Kg7 87. Rc6 {And now Rc7+ would win.} Ra4+ $2 {[%mdl 8192]} (87... Kf7 $11) 88. Kf3 $18 Kf7 89. Ke3 $2 (89. Rf6+ $18 Kg7 90. Rc6) 89... Ra5 $1 $11 {The position is equal.} 90. Kf4 Rf5+ $1 91. Kg4 {Intending Rf6+! and mate.} Ra5 92. Rb6 {Rf6+ is the strong threat.} Ra4+ 93. Kf3 Ra5 94. Rb7+ Ke6 95. a7 Ra4 96. Ke3 Kf5 97. Rb5+ Ke6 98. Rb7 Kf5 99. Kd3 Kxg5 100. Kc3 Kh5 101. Rh7+ Kg4 102. Rc7 {White threatens Rc4+ and mate.} Kh5 103. Kb3 Ra1 104. Kc4 g5 105. Kb5 g4 106. Kb6 {Black must now prevent Rc5+.} Kh4 107. Rc1 Rxa7 108. Kxa7 {KR-KP} g3 109. Kb6 g2 110. Kc5 Kg3 111. Kd4 {White wants to mate with Ke3.} Kf2 112. Rc2+ Kf3 113. Rxg2 Kxg2 {Accuracy: White = 58%, Black = 61%.} 1/2-1/2